[Event "Blitz 2018"]
[Site "Saint-Petersburg"]
[Date "2018.12.30"]
[Round "16"]
[Board "33"]
[White "Ghaem Maghami Ehsan (IRI)"]
[Black "Yakubboev Nodirbek (UZB)"]
[Result "1-0"]
[LiveChessVersion "1.4.8"]
[BlackElo "2388"]
[WhiteElo "2582"]

1. c4 {[%clk 0:03:02]} e5 {[%clk 0:03:02]} 2. Nc3 {[%clk 0:03:03]} Bb4
{[%clk 0:03:01]} 3. Nd5 {[%clk 0:03:02]} Bc5 {[%clk 0:03:01]} 4. Nf3
{[%clk 0:03:03]} c6 {[%clk 0:02:37]} 5. Nc3 {[%clk 0:03:03]} d6 {[%clk 0:02:36]}
6. e3 {[%clk 0:03:02]} Qe7 {[%clk 0:02:16]} 7. d4 {[%clk 0:03:00]} exd4
{[%clk 0:02:16]} 8. Nxd4 {[%clk 0:03:01]} Nf6 {[%clk 0:02:09]} 9. Be2
{[%clk 0:03:02]} O-O {[%clk 0:02:07]} 10. O-O {[%clk 0:03:03]} a5
{[%clk 0:01:59]} 11. b3 {[%clk 0:02:58]} Na6 {[%clk 0:01:46]} 12. Bb2
{[%clk 0:02:57]} Nc7 {[%clk 0:01:44]} 13. Qc2 {[%clk 0:02:04]} d5
{[%clk 0:01:33]} 14. Rad1 {[%clk 0:01:36]} Rd8 {[%clk 0:01:06]} 15. cxd5
{[%clk 0:00:58]} Ncxd5 {[%clk 0:01:02]} 16. Nxd5 {[%clk 0:00:56]} Nxd5
{[%clk 0:01:03]} 17. Bf3 {[%clk 0:00:44]} Nb4 {[%clk 0:00:23]} 18. Qb1
{[%clk 0:00:22]} Be6 {[%clk 0:00:19]} 19. a3 {[%clk 0:00:12]} Nd5
{[%clk 0:00:18]} 20. Nxe6 {[%clk 0:00:08]} Qxe6 {[%clk 0:00:18]} 21. Qe4
{[%clk 0:00:08]} Qxe4 {[%clk 0:00:14]} 22. Bxe4 {[%clk 0:00:09]} Nc7
{[%clk 0:00:15]} 23. Bd3 {[%clk 0:00:08]} Ne6 {[%clk 0:00:10]} 24. Bc4
{[%clk 0:00:07]} Kf8 {[%clk 0:00:09]} 25. a4 {[%clk 0:00:06]} Nc7
{[%clk 0:00:06]} 26. Be5 {[%clk 0:00:06]} Ne8 {[%clk 0:00:05]} 27. g4
{[%clk 0:00:04]} f6 {[%clk 0:00:03]} 28. Bc3 {[%clk 0:00:04]} b6 {[%clk 0:00:05]}
29. Kg2 {[%clk 0:00:04]} Ke7 {[%clk 0:00:06]} 30. h4 {[%clk 0:00:05]} Nd6
{[%clk 0:00:07]} 31. Bd3 {[%clk 0:00:06]} h6 {[%clk 0:00:09]} 32. h5
{[%clk 0:00:07]} Bb4 {[%clk 0:00:07]} 33. Bd4 {[%clk 0:00:07]} c5
{[%clk 0:00:08]} 34. Bb2 {[%clk 0:00:07]} Rac8 {[%clk 0:00:09]} 35. Rc1
{[%clk 0:00:06]} Nf7 {[%clk 0:00:09]} 36. Rfd1 {[%clk 0:00:06]} Ne5
{[%clk 0:00:10]} 37. Bf5 {[%clk 0:00:06]} Rb8 {[%clk 0:00:11]} 38. f4
{[%clk 0:00:07]} Nf7 {[%clk 0:00:12]} 39. Kf3 {[%clk 0:00:07]} Rxd1
{[%clk 0:00:12]} 40. Rxd1 {[%clk 0:00:09]} Nd6 {[%clk 0:00:13]} 41. Bd3
{[%clk 0:00:10]} Rc8 {[%clk 0:00:15]} 42. Rc1 {[%clk 0:00:11]} Rc7
{[%clk 0:00:15]} 43. e4 {[%clk 0:00:12]} Nf7 {[%clk 0:00:16]} 44. Bc4
{[%clk 0:00:11]} Rd7 {[%clk 0:00:17]} 45. Bd5 {[%clk 0:00:12]} Nd8
{[%clk 0:00:18]} 46. g5 {[%clk 0:00:11]} Ne6 {[%clk 0:00:15]} 47. gxh6
{[%clk 0:00:11]} gxh6 {[%clk 0:00:16]} 48. Rg1 {[%clk 0:00:10]} Nd4+
{[%clk 0:00:17]} 49. Ke3 {[%clk 0:00:04]} Nc2+ {[%clk 0:00:18]} 50. Kd3
{[%clk 0:00:05]} Nd4 {[%clk 0:00:19]} 51. Rg7+ {[%clk 0:00:05]} Kd8
{[%clk 0:00:20]} 52. Rg6 {[%clk 0:00:06]} Nxb3 {[%clk 0:00:21]} 53. Bxf6+
{[%clk 0:00:06]} Kc7 {[%clk 0:00:22]} 54. Be5+ {[%clk 0:00:06]} Kd8
{[%clk 0:00:22]} 55. Bf6+ {[%clk 0:00:06]} Kc7 {[%clk 0:00:23]} 56. Be5+
{[%clk 0:00:07]} Kd8 {[%clk 0:00:25]} 57. Rg8+ Ke7 58. Kc4 {[%clk 0:00:07]} Nd2+
{[%clk 0:00:27]} 59. Kb5 {[%clk 0:00:09]} c4 60. f5 {[%clk 0:00:09]} Rxd5+
{[%clk 0:00:25]} 61. exd5 {[%clk 0:00:09]} c3 {[%clk 0:00:26]} 62. f6+
{[%clk 0:00:09]} Kf7 {[%clk 0:00:27]} 63. Rg7+ Kf8 64. Rc7 {[%clk 0:00:12]} Ne4
{[%clk 0:00:29]} 65. Kxb6 {[%clk 0:00:10]} Ke8 {[%clk 0:00:29]} 66. f7+
{[%clk 0:00:11]} Kf8 {[%clk 0:00:31]} 67. Kb5 {[%clk 0:00:11]} Ng5
{[%clk 0:00:15]} 68. Bxc3 {[%clk 0:00:09]} Bxc3 {[%clk 0:00:16]} 69. Rxc3
{[%clk 0:00:09]} Kxf7 {[%clk 0:00:18]} 70. Rc6 {[%clk 0:00:10]} Ne4
{[%clk 0:00:19]} 71. Rxh6 {[%clk 0:00:09]} 1-0

[Event "Blitz 2018"]
[Site "Saint-Petersburg"]
[Date "2018.12.30"]
[Round "16"]
[Board "34"]
[White "Yu Yangyi (CHN)"]
[Black "Mchedlishvili Mikheil (GEO)"]
[Result "1-0"]
[LiveChessVersion "1.4.8"]
[BlackElo "2607"]
[WhiteElo "2804"]

1. d4 {[%clk 0:03:03]} d6 {[%clk 0:03:03]} 2. e4 {[%clk 0:03:03]} Nf6 3. Nc3 g6
{[%clk 0:03:05]} 4. Nf3 {[%clk 0:03:06]} Bg7 5. Be2 O-O 6. O-O e6
{[%clk 0:03:04]} 7. Bg5 {[%clk 0:03:07]} h6 {[%clk 0:03:04]} 8. Be3
{[%clk 0:03:08]} a6 {[%clk 0:03:00]} 9. h3 {[%clk 0:03:00]} Nc6 {[%clk 0:02:56]}
10. Qd2 {[%clk 0:02:58]} Kh7 {[%clk 0:02:54]} 11. Rad1 {[%clk 0:02:49]} b5
{[%clk 0:02:37]} 12. a3 {[%clk 0:02:30]} Bb7 {[%clk 0:02:35]} 13. Rfe1
{[%clk 0:02:28]} Ne7 {[%clk 0:02:16]} 14. Bd3 {[%clk 0:02:21]} Nd7
{[%clk 0:02:15]} 15. Qe2 {[%clk 0:02:08]} Qc8 {[%clk 0:02:07]} 16. Nb1
{[%clk 0:01:48]} c5 {[%clk 0:01:59]} 17. c3 {[%clk 0:01:49]} e5 {[%clk 0:01:52]}
18. Nbd2 {[%clk 0:01:44]} c4 {[%clk 0:01:39]} 19. Bb1 {[%clk 0:01:43]} Nc6
{[%clk 0:01:41]} 20. Nf1 {[%clk 0:01:40]} Nf6 {[%clk 0:01:39]} 21. Ng3
{[%clk 0:01:36]} Re8 {[%clk 0:01:34]} 22. Qd2 {[%clk 0:01:34]} Qc7
{[%clk 0:01:27]} 23. d5 {[%clk 0:01:31]} Nb8 {[%clk 0:01:24]} 24. Nh4
{[%clk 0:01:26]} Nbd7 {[%clk 0:01:24]} 25. Rf1 {[%clk 0:01:21]} Qd8
{[%clk 0:01:15]} 26. Nf3 {[%clk 0:01:13]} Rc8 {[%clk 0:01:13]} 27. Nh2
{[%clk 0:01:10]} Nc5 {[%clk 0:01:12]} 28. Rde1 {[%clk 0:01:05]} Ncd7
{[%clk 0:00:58]} 29. Kh1 {[%clk 0:01:06]} Re7 {[%clk 0:00:54]} 30. f3
{[%clk 0:01:01]} Qf8 {[%clk 0:00:50]} 31. Bc2 {[%clk 0:01:00]} Ng8
{[%clk 0:00:47]} 32. a4 {[%clk 0:00:55]} Nc5 {[%clk 0:00:45]} 33. f4
{[%clk 0:00:45]} exf4 {[%clk 0:00:32]} 34. Bxf4 {[%clk 0:00:47]} Be5
{[%clk 0:00:33]} 35. Ng4 Nd7 36. axb5 {[%clk 0:00:34]} axb5 {[%clk 0:00:36]} 37.
Nxe5 {[%clk 0:00:25]} Nxe5 {[%clk 0:00:37]} 38. Qf2 {[%clk 0:00:22]} Kg7
{[%clk 0:00:34]} 39. Qb6 {[%clk 0:00:22]} Qd8 {[%clk 0:00:22]} 40. Qxb5
{[%clk 0:00:19]} Qc7 {[%clk 0:00:20]} 41. Ra1 {[%clk 0:00:18]} Rb8
{[%clk 0:00:18]} 42. Ra7 {[%clk 0:00:19]} Qd8 {[%clk 0:00:19]} 43. Bxe5+
{[%clk 0:00:19]} dxe5 {[%clk 0:00:18]} 44. Qc5 {[%clk 0:00:20]} Rc7
{[%clk 0:00:15]} 45. Qe3 {[%clk 0:00:18]} Nf6 {[%clk 0:00:14]} 46. Qb6
{[%clk 0:00:16]} Ne8 47. Qe3 {[%clk 0:00:14]} Nd6 {[%clk 0:00:12]} 48. Ne2
{[%clk 0:00:15]} Bc8 {[%clk 0:00:12]} 49. Ra2 {[%clk 0:00:14]} Rcb7
{[%clk 0:00:13]} 50. Qg3 {[%clk 0:00:15]} Qe7 {[%clk 0:00:14]} 51. Rb1
{[%clk 0:00:14]} Bd7 {[%clk 0:00:15]} 52. Ng1 {[%clk 0:00:16]} f6
{[%clk 0:00:14]} 53. Nf3 {[%clk 0:00:17]} g5 {[%clk 0:00:15]} 54. Nd2
{[%clk 0:00:17]} Qd8 {[%clk 0:00:15]} 55. Bd1 {[%clk 0:00:17]} Qb6
{[%clk 0:00:15]} 56. Be2 {[%clk 0:00:18]} Qc5 {[%clk 0:00:16]} 57. Qf3
{[%clk 0:00:13]} Be8 {[%clk 0:00:17]} 58. Nf1 {[%clk 0:00:12]} Bg6
{[%clk 0:00:18]} 59. Ng3 {[%clk 0:00:14]} Ra7 {[%clk 0:00:14]} 60. Rxa7+
{[%clk 0:00:13]} Qxa7 {[%clk 0:00:15]} 61. Rf1 {[%clk 0:00:13]} Qe7
{[%clk 0:00:16]} 62. Rb1 {[%clk 0:00:11]} Rb3 {[%clk 0:00:15]} 63. Bd1
{[%clk 0:00:12]} Rb6 {[%clk 0:00:16]} 64. Bc2 {[%clk 0:00:13]} Qb7
{[%clk 0:00:17]} 65. Rf1 {[%clk 0:00:10]} Qe7 {[%clk 0:00:16]} 66. Rb1
{[%clk 0:00:10]} Qb7 {[%clk 0:00:17]} 67. Rf1 {[%clk 0:00:10]} Qe7
{[%clk 0:00:19]} 68. Rb1 {[%clk 0:00:09]} Qb7 {[%clk 0:00:20]} 69. Qe3
{[%clk 0:00:05]} Rxb2 {[%clk 0:00:20]} 70. Rxb2 {[%clk 0:00:07]} Qxb2
{[%clk 0:00:21]} 71. Qc5 {[%clk 0:00:08]} Nf7 {[%clk 0:00:20]} 72. Bd1
{[%clk 0:00:08]} Qxc3 {[%clk 0:00:21]} 73. Bf3 Qc1+ {[%clk 0:00:19]} 74. Kh2
{[%clk 0:00:09]} c3 {[%clk 0:00:20]} 1-0

[Event "Blitz 2018"]
[Site "Saint-Petersburg"]
[Date "2018.12.30"]
[Round "16"]
[Board "35"]
[White "Le Quang Liem (VIE)"]
[Black "Saric Ivan (CRO)"]
[Result "1/2-1/2"]
[LiveChessVersion "1.4.8"]
[BlackElo "2572"]
[WhiteElo "2749"]

1. c4 {[%clk 0:03:03]} e5 {[%clk 0:03:03]} 2. d3 {[%clk 0:03:04]} Nf6
{[%clk 0:03:04]} 3. Nf3 {[%clk 0:03:03]} Bb4+ {[%clk 0:03:05]} 4. Nbd2
{[%clk 0:03:01]} Qe7 {[%clk 0:03:01]} 5. a3 {[%clk 0:03:01]} Bxd2+
{[%clk 0:02:59]} 6. Bxd2 {[%clk 0:03:01]} a5 {[%clk 0:03:00]} 7. Bc3
{[%clk 0:02:52]} Nc6 {[%clk 0:03:01]} 8. b3 {[%clk 0:02:48]} d5 {[%clk 0:03:02]}
9. cxd5 {[%clk 0:02:44]} Nxd5 {[%clk 0:03:03]} 10. Bb2 {[%clk 0:02:45]} Bg4
{[%clk 0:02:40]} 11. e3 {[%clk 0:02:46]} O-O-O {[%clk 0:02:37]} 12. Qc2
{[%clk 0:02:17]} Bxf3 {[%clk 0:02:36]} 13. gxf3 {[%clk 0:02:18]} f5
{[%clk 0:02:21]} 14. O-O-O {[%clk 0:02:08]} Qh4 {[%clk 0:02:15]} 15. Kb1
{[%clk 0:02:03]} Kb8 {[%clk 0:02:15]} 16. Rc1 {[%clk 0:01:38]} f4
{[%clk 0:02:10]} 17. Qe2 {[%clk 0:01:25]} Qh6 {[%clk 0:01:51]} 18. Rc5
{[%clk 0:01:17]} fxe3 {[%clk 0:01:36]} 19. fxe3 {[%clk 0:01:16]} b6
{[%clk 0:01:29]} 20. Rc4 {[%clk 0:01:14]} Rhe8 {[%clk 0:01:14]} 21. Re4
{[%clk 0:00:40]} Na7 {[%clk 0:01:08]} 22. Qe1 {[%clk 0:00:24]} Nb5
{[%clk 0:01:07]} 23. d4 {[%clk 0:00:24]} Nd6 {[%clk 0:00:59]} 24. Rxe5
{[%clk 0:00:25]} Nxe3 {[%clk 0:00:54]} 25. Bd3 {[%clk 0:00:26]} Ng2
{[%clk 0:00:38]} 26. Qg3 {[%clk 0:00:22]} Nf4 {[%clk 0:00:37]} 27. Bc2
{[%clk 0:00:20]} Ng6 {[%clk 0:00:24]} 28. Bc1 {[%clk 0:00:17]} Qh4
{[%clk 0:00:18]} 29. Bxg6 {[%clk 0:00:09]} Qxg3 {[%clk 0:00:17]} 30. hxg3
{[%clk 0:00:09]} hxg6 {[%clk 0:00:18]} 31. g4 {[%clk 0:00:09]} Nf7
{[%clk 0:00:15]} 32. Rxe8 {[%clk 0:00:10]} Rxe8 {[%clk 0:00:16]} 33. Rh7
{[%clk 0:00:11]} Rg8 {[%clk 0:00:15]} 34. Bf4 {[%clk 0:00:11]} Kc8
{[%clk 0:00:14]} 35. Kc2 {[%clk 0:00:08]} Kd7 {[%clk 0:00:16]} 36. Kd3
{[%clk 0:00:10]} c6 {[%clk 0:00:17]} 37. Ke3 {[%clk 0:00:04]} Ke6
{[%clk 0:00:18]} 38. Bc7 {[%clk 0:00:04]} Ng5 {[%clk 0:00:09]} 39. Rh2
{[%clk 0:00:05]} a4 {[%clk 0:00:07]} 40. bxa4 {[%clk 0:00:04]} Ra8
{[%clk 0:00:09]} 41. Bxb6 Rxa4 42. Bc5 {[%clk 0:00:06]} Kd5 {[%clk 0:00:10]} 43.
Rh8 {[%clk 0:00:04]} Ne6 {[%clk 0:00:12]} 44. Bb4 {[%clk 0:00:04]} Ra7
{[%clk 0:00:11]} 45. Kd3 {[%clk 0:00:03]} Rf7 {[%clk 0:00:12]} 46. Ke3
{[%clk 0:00:04]} Rd7 {[%clk 0:00:13]} 47. Rg8 {[%clk 0:00:04]} Nxd4
{[%clk 0:00:13]} 48. Bc3 {[%clk 0:00:05]} Ne6 {[%clk 0:00:13]} 49. f4
{[%clk 0:00:06]} c5 {[%clk 0:00:14]} 50. f5 {[%clk 0:00:07]} gxf5 51. gxf5
{[%clk 0:00:08]} Nd4 {[%clk 0:00:14]} 52. Kd3 {[%clk 0:00:07]} Nxf5
{[%clk 0:00:15]} 53. a4 {[%clk 0:00:07]} c4+ {[%clk 0:00:13]} 54. Kc2
{[%clk 0:00:08]} Ne3+ {[%clk 0:00:14]} 55. Kc1 {[%clk 0:00:08]} Ke4
{[%clk 0:00:15]} 56. Rxg7 {[%clk 0:00:09]} Rxg7 {[%clk 0:00:10]} 57. Bxg7
{[%clk 0:00:09]} Kd5 {[%clk 0:00:11]} 1/2-1/2

[Event "Blitz 2018"]
[Site "Saint-Petersburg"]
[Date "2018.12.30"]
[Round "16"]
[Board "36"]
[White "Timofeev Artyom (RUS)"]
[Black "Mamedov Rauf (AZE)"]
[Result "0-1"]
[LiveChessVersion "1.4.8"]
[BlackElo "2741"]
[WhiteElo "2568"]

1. c4 {[%clk 0:03:03]} g6 {[%clk 0:03:03]} 2. Nc3 {[%clk 0:03:03]} Bg7
{[%clk 0:03:05]} 3. g3 {[%clk 0:03:04]} d6 {[%clk 0:03:04]} 4. Bg2
{[%clk 0:03:05]} e5 {[%clk 0:03:05]} 5. e3 {[%clk 0:03:05]} h5 {[%clk 0:03:06]}
6. Nf3 {[%clk 0:02:56]} Ne7 {[%clk 0:03:06]} 7. d4 {[%clk 0:02:53]} Nbc6
{[%clk 0:03:01]} 8. h3 {[%clk 0:02:37]} O-O {[%clk 0:02:44]} 9. d5
{[%clk 0:02:30]} Nb8 {[%clk 0:02:45]} 10. O-O {[%clk 0:02:29]} c6
{[%clk 0:02:42]} 11. e4 {[%clk 0:02:30]} cxd5 {[%clk 0:02:42]} 12. cxd5
{[%clk 0:02:30]} Na6 {[%clk 0:02:37]} 13. Bg5 {[%clk 0:02:24]} Bd7
{[%clk 0:02:32]} 14. Qe2 {[%clk 0:02:22]} Rc8 {[%clk 0:02:30]} 15. Rac1
{[%clk 0:02:22]} f6 {[%clk 0:02:27]} 16. Be3 {[%clk 0:02:22]} f5 {[%clk 0:02:18]}
17. Bg5 {[%clk 0:02:20]} Nc5 {[%clk 0:02:15]} 18. Nh4 {[%clk 0:01:52]} Bf6
{[%clk 0:02:05]} 19. Bxf6 {[%clk 0:01:52]} Rxf6 {[%clk 0:02:06]} 20. exf5
{[%clk 0:01:42]} Nxf5 {[%clk 0:02:06]} 21. Nxf5 {[%clk 0:01:40]} Bxf5
{[%clk 0:02:07]} 22. Rcd1 {[%clk 0:01:36]} a5 {[%clk 0:01:49]} 23. Kh2
{[%clk 0:01:34]} Qb6 {[%clk 0:01:42]} 24. f4 {[%clk 0:01:32]} Re8
{[%clk 0:01:40]} 25. fxe5 {[%clk 0:01:30]} Rxe5 {[%clk 0:01:42]} 26. Qf2
{[%clk 0:01:30]} Rf7 {[%clk 0:00:57]} 27. g4 {[%clk 0:01:31]} hxg4
{[%clk 0:00:55]} 28. hxg4 {[%clk 0:01:32]} Be6 {[%clk 0:00:51]} 29. Qd4
{[%clk 0:01:04]} Rh7+ {[%clk 0:00:52]} 30. Kg1 {[%clk 0:01:05]} Bxg4
{[%clk 0:00:53]} 31. Rde1 {[%clk 0:00:51]} Bf5 {[%clk 0:00:43]} 32. Rxe5
{[%clk 0:00:42]} dxe5 {[%clk 0:00:44]} 33. Qe3 {[%clk 0:00:43]} Nd7
{[%clk 0:00:34]} 34. Qxb6 {[%clk 0:00:41]} Nxb6 {[%clk 0:00:36]} 35. d6
{[%clk 0:00:39]} Rd7 {[%clk 0:00:34]} 36. Rd1 {[%clk 0:00:39]} Kg7
{[%clk 0:00:35]} 37. Nb5 {[%clk 0:00:37]} e4 {[%clk 0:00:32]} 38. b3
{[%clk 0:00:36]} Kf6 {[%clk 0:00:32]} 39. a4 {[%clk 0:00:17]} Ke5
{[%clk 0:00:33]} 40. Bf1 {[%clk 0:00:16]} Nd5 {[%clk 0:00:25]} 41. Bc4
{[%clk 0:00:17]} Ne3 {[%clk 0:00:26]} 42. Re1 {[%clk 0:00:18]} Nc2
{[%clk 0:00:17]} 43. Rd1 {[%clk 0:00:19]} Nb4 {[%clk 0:00:17]} 44. Kf2
{[%clk 0:00:18]} Rd8 {[%clk 0:00:15]} 45. Rh1 {[%clk 0:00:17]} Nc6
{[%clk 0:00:12]} 46. Rh7 {[%clk 0:00:18]} Kf4 {[%clk 0:00:12]} 47. Rxb7
{[%clk 0:00:15]} Rh8 {[%clk 0:00:14]} 48. d7 {[%clk 0:00:15]} Rh2+
{[%clk 0:00:14]} 49. Kg1 {[%clk 0:00:16]} Rd2 {[%clk 0:00:15]} 50. Nc3
{[%clk 0:00:15]} Ne5 {[%clk 0:00:10]} 51. Nd5+ {[%clk 0:00:15]} Kg3
{[%clk 0:00:11]} 52. Kf1 {[%clk 0:00:06]} Bh3+ {[%clk 0:00:12]} 53. Ke1
{[%clk 0:00:08]} Nf3# {[%clk 0:00:13]} 0-1

[Event "Blitz 2018"]
[Site "Saint-Petersburg"]
[Date "2018.12.30"]
[Round "16"]
[Board "37"]
[White "Petrosian Tigran L. (ARM)"]
[Black "Reshetnikov Alexey (RUS)"]
[Result "0-1"]
[LiveChessVersion "1.4.8"]
[BlackElo "2473"]
[WhiteElo "2700"]

1. Nf3 {[%clk 0:03:02]} d5 {[%clk 0:03:02]} 2. g3 {[%clk 0:03:02]} c6
{[%clk 0:03:02]} 3. Bg2 {[%clk 0:03:01]} Bf5 {[%clk 0:03:05]} 4. O-O
{[%clk 0:03:00]} e6 {[%clk 0:03:06]} 5. d3 {[%clk 0:03:01]} h6 {[%clk 0:03:07]}
6. Nbd2 {[%clk 0:03:02]} Nf6 {[%clk 0:03:07]} 7. b3 {[%clk 0:03:03]} Nbd7
{[%clk 0:03:06]} 8. Bb2 {[%clk 0:03:04]} Bh7 {[%clk 0:03:06]} 9. Qe1
{[%clk 0:03:02]} a5 {[%clk 0:02:53]} 10. a3 {[%clk 0:03:03]} Be7 {[%clk 0:02:50]}
11. e4 {[%clk 0:03:04]} dxe4 {[%clk 0:02:49]} 12. dxe4 {[%clk 0:03:04]} Nc5
{[%clk 0:02:45]} 13. Ne5 {[%clk 0:02:58]} O-O {[%clk 0:02:44]} 14. Rd1
{[%clk 0:02:56]} Qc7 {[%clk 0:02:44]} 15. Nec4 {[%clk 0:02:54]} Nfd7
{[%clk 0:02:31]} 16. Qe2 {[%clk 0:02:41]} b5 17. Ne3 {[%clk 0:02:41]} Bf6
{[%clk 0:02:19]} 18. Bc1 {[%clk 0:02:18]} Bc3 {[%clk 0:01:45]} 19. Nb1
{[%clk 0:02:08]} Ba1 {[%clk 0:01:26]} 20. f3 {[%clk 0:02:08]} Rfd8
{[%clk 0:01:22]} 21. Kh1 {[%clk 0:02:07]} Nb6 {[%clk 0:01:07]} 22. Ng4
{[%clk 0:02:01]} Rxd1 {[%clk 0:00:53]} 23. Rxd1 {[%clk 0:02:02]} Rd8
{[%clk 0:00:55]} 24. Be3 {[%clk 0:01:40]} Rxd1+ {[%clk 0:00:55]} 25. Qxd1
{[%clk 0:01:42]} Nbd7 {[%clk 0:00:54]} 26. Bf4 {[%clk 0:01:06]} e5
{[%clk 0:00:47]} 27. Be3 {[%clk 0:01:02]} f5 {[%clk 0:00:45]} 28. Nf2
{[%clk 0:01:00]} f4 {[%clk 0:00:27]} 29. Bd2 {[%clk 0:00:54]} Bd4
{[%clk 0:00:27]} 30. Qe1 {[%clk 0:00:53]} a4 {[%clk 0:00:27]} 31. b4
{[%clk 0:00:54]} Ne6 {[%clk 0:00:28]} 32. c3 {[%clk 0:00:54]} Bb6
{[%clk 0:00:29]} 33. Nd3 {[%clk 0:00:53]} g5 {[%clk 0:00:27]} 34. Qe2
{[%clk 0:00:51]} Bg6 {[%clk 0:00:26]} 35. Bh3 {[%clk 0:00:46]} Bf7
{[%clk 0:00:27]} 36. Be1 {[%clk 0:00:45]} Nef8 {[%clk 0:00:28]} 37. Nd2
{[%clk 0:00:41]} c5 {[%clk 0:00:29]} 38. Bf2 {[%clk 0:00:40]} cxb4
{[%clk 0:00:25]} 39. Bxb6 {[%clk 0:00:36]} Nxb6 {[%clk 0:00:21]} 40. cxb4
{[%clk 0:00:36]} Nc4 {[%clk 0:00:23]} 41. Nxc4 {[%clk 0:00:28]} Qxc4
{[%clk 0:00:23]} 42. Bf1 {[%clk 0:00:28]} Qd4 {[%clk 0:00:24]} 43. Qf2
{[%clk 0:00:18]} Bc4 {[%clk 0:00:13]} 44. Qxd4 {[%clk 0:00:14]} exd4
{[%clk 0:00:15]} 45. Ne5 {[%clk 0:00:07]} Bxf1 {[%clk 0:00:10]} 46. gxf4
{[%clk 0:00:07]} gxf4 {[%clk 0:00:11]} 47. Kg1 {[%clk 0:00:05]} Bc4
{[%clk 0:00:11]} 48. Kf2 {[%clk 0:00:06]} Ne6 {[%clk 0:00:10]} 49. h4
{[%clk 0:00:04]} Kf8 {[%clk 0:00:11]} 50. Ke1 {[%clk 0:00:04]} Ke7
{[%clk 0:00:12]} 51. Kd2 {[%clk 0:00:06]} Ng7 {[%clk 0:00:08]} 52. Nc6+
{[%clk 0:00:07]} Kd6 {[%clk 0:00:06]} 53. Nxd4 {[%clk 0:00:08]} Ke5
{[%clk 0:00:06]} 54. Nc6+ {[%clk 0:00:09]} Kd6 {[%clk 0:00:08]} 55. Nd4
{[%clk 0:00:10]} h5 {[%clk 0:00:08]} 56. Kc3 {[%clk 0:00:10]} Ne6
{[%clk 0:00:08]} 57. Nf5+ {[%clk 0:00:08]} Ke5 {[%clk 0:00:10]} 58. Ne7
{[%clk 0:00:10]} Be2 {[%clk 0:00:10]} 59. Ng6+ {[%clk 0:00:03]} Kf6
{[%clk 0:00:11]} 60. Nxf4 {[%clk 0:00:03]} Nxf4 {[%clk 0:00:12]} 61. Kd4
{[%clk 0:00:05]} Ne6+ {[%clk 0:00:12]} 62. Ke3 {[%clk 0:00:06]} Bd1
{[%clk 0:00:13]} 63. f4 Bc2 64. f5 {[%clk 0:00:06]} Nd8 {[%clk 0:00:14]} 65. Kd4
{[%clk 0:00:06]} Nf7 {[%clk 0:00:15]} 66. Kc5 {[%clk 0:00:07]} Bd3
{[%clk 0:00:16]} 67. Kd4 {[%clk 0:00:08]} Bc4 68. Ke3 Ke5 {[%clk 0:00:16]} 0-1

[Event "Blitz 2018"]
[Site "Saint-Petersburg"]
[Date "2018.12.30"]
[Round "16"]
[Board "38"]
[White "Moiseenko Vadim (RUS)"]
[Black "Ponkratov Pavel (RUS)"]
[Result "0-1"]
[LiveChessVersion "1.4.8"]
[BlackElo "2688"]
[WhiteElo "2560"]

1. d4 {[%clk 0:03:03]} e6 {[%clk 0:03:02]} 2. c4 {[%clk 0:03:00]} c5
{[%clk 0:03:03]} 3. Nf3 {[%clk 0:02:53]} cxd4 {[%clk 0:03:02]} 4. Nxd4
{[%clk 0:02:54]} Nc6 {[%clk 0:03:03]} 5. Nf3 {[%clk 0:02:50]} Nf6
{[%clk 0:02:38]} 6. Nc3 {[%clk 0:02:50]} Bb4 {[%clk 0:02:38]} 7. Bd2
{[%clk 0:02:50]} d5 {[%clk 0:02:33]} 8. cxd5 {[%clk 0:02:46]} exd5
{[%clk 0:02:34]} 9. e3 {[%clk 0:02:46]} O-O {[%clk 0:02:31]} 10. Be2
{[%clk 0:02:45]} Ne4 {[%clk 0:02:32]} 11. Nxe4 {[%clk 0:02:40]} dxe4
{[%clk 0:02:31]} 12. Bxb4 {[%clk 0:02:21]} Nxb4 {[%clk 0:01:54]} 13. Nd4
{[%clk 0:02:17]} Qg5 {[%clk 0:01:55]} 14. Qb3 {[%clk 0:01:36]} a5
{[%clk 0:01:25]} 15. O-O-O {[%clk 0:01:08]} Qxg2 {[%clk 0:01:14]} 16. Rhg1
{[%clk 0:01:03]} Qxh2 {[%clk 0:01:09]} 17. Kb1 {[%clk 0:00:48]} Qe5
{[%clk 0:01:03]} 18. Bc4 {[%clk 0:00:29]} h5 {[%clk 0:00:59]} 19. Rg2
{[%clk 0:00:23]} Bg4 {[%clk 0:00:59]} 20. Rdg1 {[%clk 0:00:18]} Nc6
{[%clk 0:00:54]} 21. Nxc6 {[%clk 0:00:06]} bxc6 {[%clk 0:00:55]} 22. Qc2
{[%clk 0:00:05]} Rab8 {[%clk 0:00:49]} 23. Be2 {[%clk 0:00:06]} Rxb2+
{[%clk 0:00:46]} 24. Qxb2 {[%clk 0:00:05]} Rb8 {[%clk 0:00:47]} 25. Qxb8+
{[%clk 0:00:06]} Qxb8+ {[%clk 0:00:48]} 26. Kc2 {[%clk 0:00:07]} Bxe2
{[%clk 0:00:43]} 27. Rxg7+ {[%clk 0:00:08]} Kh8 {[%clk 0:00:44]} 28. Rxf7
{[%clk 0:00:09]} Bd3+ {[%clk 0:00:45]} 0-1

[Event "Blitz 2018"]
[Site "Saint-Petersburg"]
[Date "2018.12.30"]
[Round "16"]
[Board "39"]
[White "Popov Ivan (RUS)"]
[Black "Bindrich Falko (GER)"]
[Result "1/2-1/2"]
[LiveChessVersion "1.4.8"]
[BlackElo "2639"]
[WhiteElo "2560"]

1. e4 {[%clk 0:03:03]} c5 {[%clk 0:03:03]} 2. Nf3 {[%clk 0:03:04]} d6
{[%clk 0:03:05]} 3. d4 {[%clk 0:03:05]} cxd4 4. Nxd4 {[%clk 0:03:06]} Nf6
{[%clk 0:03:07]} 5. Nc3 {[%clk 0:03:07]} a6 {[%clk 0:03:09]} 6. h3
{[%clk 0:03:08]} e5 {[%clk 0:03:09]} 7. Nde2 {[%clk 0:03:09]} Be6
{[%clk 0:03:09]} 8. g4 {[%clk 0:03:08]} h6 {[%clk 0:03:08]} 9. Bg2
{[%clk 0:03:08]} Nbd7 {[%clk 0:03:07]} 10. a4 {[%clk 0:03:03]} Rc8
{[%clk 0:03:08]} 11. O-O {[%clk 0:02:58]} Be7 {[%clk 0:03:07]} 12. Ng3
{[%clk 0:02:57]} g6 {[%clk 0:03:07]} 13. Nd5 {[%clk 0:02:36]} Bxd5
{[%clk 0:03:04]} 14. exd5 {[%clk 0:02:37]} h5 {[%clk 0:02:56]} 15. g5
{[%clk 0:02:38]} Nh7 {[%clk 0:02:57]} 16. Ne4 {[%clk 0:02:28]} Nc5
{[%clk 0:02:55]} 17. h4 {[%clk 0:02:00]} O-O {[%clk 0:02:55]} 18. Nxc5
{[%clk 0:01:55]} Rxc5 {[%clk 0:02:56]} 19. f4 {[%clk 0:01:55]} Rc4
{[%clk 0:02:49]} 20. b3 {[%clk 0:01:45]} Rd4 {[%clk 0:02:43]} 21. Qe2
{[%clk 0:01:46]} exf4 {[%clk 0:02:43]} 22. Rxf4 {[%clk 0:01:31]} Rxf4
{[%clk 0:02:38]} 23. Bxf4 {[%clk 0:01:32]} f6 {[%clk 0:02:15]} 24. Re1
{[%clk 0:00:49]} fxg5 {[%clk 0:02:12]} 25. Qxe7 {[%clk 0:00:45]} gxf4
{[%clk 0:01:46]} 26. Qxd8 {[%clk 0:00:46]} Rxd8 {[%clk 0:01:47]} 27. Re7
{[%clk 0:00:46]} b6 {[%clk 0:01:49]} 28. Rb7 {[%clk 0:00:40]} g5 {[%clk 0:01:21]}
29. hxg5 {[%clk 0:00:37]} Nxg5 {[%clk 0:01:22]} 30. Rxb6 {[%clk 0:00:36]} f3
{[%clk 0:01:17]} 31. Bf1 {[%clk 0:00:36]} Ne4 {[%clk 0:01:15]} 32. Bd3
{[%clk 0:00:35]} Nc3 {[%clk 0:01:13]} 33. Rxa6 {[%clk 0:00:30]} Nd1
{[%clk 0:01:05]} 34. Ra7 {[%clk 0:00:26]} Rf8 {[%clk 0:00:54]} 35. Re7
{[%clk 0:00:24]} Rf4 {[%clk 0:00:48]} 36. a5 {[%clk 0:00:23]} Rg4+
{[%clk 0:00:49]} 37. Kf1 {[%clk 0:00:17]} Rh4 {[%clk 0:00:44]} 38. Ke1
{[%clk 0:00:15]} Rh1+ 39. Kd2 Nb2 {[%clk 0:00:46]} 40. Bb5 {[%clk 0:00:14]} Rd1+
{[%clk 0:00:40]} 41. Kc3 {[%clk 0:00:14]} Rxd5 {[%clk 0:00:41]} 42. Kxb2
{[%clk 0:00:06]} Rxb5 {[%clk 0:00:43]} 43. Re3 {[%clk 0:00:05]} Rf5
{[%clk 0:00:39]} 44. a6 {[%clk 0:00:05]} f2 {[%clk 0:00:40]} 45. a7
{[%clk 0:00:07]} Rf8 {[%clk 0:00:34]} 46. Rf3 {[%clk 0:00:08]} Rxf3
{[%clk 0:00:34]} 47. a8=Q+ {[%clk 0:00:09]} Rf8 {[%clk 0:00:33]} 48. Qd5+
{[%clk 0:00:10]} Rf7 {[%clk 0:00:20]} 49. Qg5+ {[%clk 0:00:10]} Kf8
{[%clk 0:00:14]} 50. Qd8+ {[%clk 0:00:11]} Kg7 {[%clk 0:00:15]} 51. Qg5+
{[%clk 0:00:12]} Kf8 {[%clk 0:00:16]} 52. Qd8+ {[%clk 0:00:13]} Kg7
{[%clk 0:00:18]} 1/2-1/2